000 01306nac a22003251i 4500
003 EG-ScBUE
005 20250702084619.0
008 250629t2002 njua f bd 001 0 eng d
020 _a0582784697
040 _aEG-ScBUE
_beng
_erda
_cEG-ScBUE
_dEG-ScBUE
082 0 4 _a540
_bPET
_222
100 1 _aPetrucci, Ralph H.,
_eauthor.
245 1 0 _aGeneral chemistry :
_bprinciples and modern applications /
_cRalph H. Petrucci, California State University, San Bernardino, William S. Harwood, Indiana University, Bloomington, F. Geoffrey Herring, University of British Columbia ; with contributions by Scott S. Perry, University of Houston.
250 _aEighth edition.
250 _aInternational edition.
264 1 _aUpper Saddle River, New Jersey :
_bPrentice Hall,
_c[2002]
264 4 _cc2002
300 _a1 volume (various pagings) :
_bcolor illustrations ;
_c26 cm
336 _2rdacontent
_atext
_btxt
337 _aunmediated
_2rdamedia
_bn
338 _avolume
_bnc
_2rdacarrier
500 _aIncludes glossary.
500 _aIncludes Appendices.
504 _aIncludes bibliographical references and index.
650 7 _aChemistry.
_2BUEsh
655 _vReading book
700 1 _aHarwood, William S.,
_eauthor.
700 1 _aHerring, F. Geoffrey,
_d1939-
_eauthor.
942 _cBB
_2ddc
999 _c2639
_d2639